000 01576pab a2200181 454500
008 180718b2003 xxu||||| |||| 00| 0 eng d
100 _aCarmichael, Paul
245 _aThe Northern Ireland civil service under direct rule and devolution
260 _c2003
300 _ap.205-17.
362 _aJun
520 _aAlthough the United Kingdom is usually regarded as a unitary state in the mould of the Westminster model, in reality, complete political integration and administrative standardization have never existed. Recent political devolution consolidates an increasingly diverse and asymmetrical pattern of territorial governance. Frequently, however, notwithstanding some notable exceptions, this differentiation within the UK's governmental arrangements is overlooked in much of the literature. to help correct this oversight, this article reports on the longstanding differences in the public administration arrangements of one of the UK's smaller component countries, Northern Ireland. Specifically, the article focuses on the role of the Northern Ireland Civil Service and charts some of the key characteristics and trends that have emerged under both the period of Direct Rule from London (since the end of the Stormont devolution in 1972) and in the newly-restored devolved settlement that was introduced in 1999, following the Belfast (Good Friday) Agreement. - Reproduced.
650 _aCivil service - Northern Ireland
650 _aCivil service
700 _aOsborne, Robert
773 _aInternational Review of Administrative Sciences
909 _a57585
999 _c57585
_d57585